| 000 | 01577nam a2200445 i 4500 | ||
|---|---|---|---|
| 001 | 40729 | ||
| 003 | KOSZ 005 | ||
| 005 | 20201123130843.0 | ||
| 008 | 090810s2001 pl a f f |000 0 pol | ||
| 015 | _aPB 2009/20673 | ||
| 020 | _a8372070652 | ||
| 040 |
_aWA N _cWA N _dKOSZ 005/HR |
||
| 046 | _k2000 | ||
| 080 | _a696 | ||
| 080 | _a728 | ||
| 080 | _a(075.8) | ||
| 100 | 1 |
_aChudzicki, Jarosław _eAutor |
|
| 245 | 1 | 0 |
_aInstalacje wodociągowe i kanalizacyjne : _bmateriały pomocnicze do ćwiczeń / _cJarosław Chudzicki, Stanisław Sosnowski. |
| 260 |
_aWarszawa : _bOficyna Wydawnicza Politechniki Warszawskiej, _c2001. |
||
| 300 |
_a148 s., [3] k. tabl. złoż., [8] k. tabl. złoż. luzem : _bil. ; _c24 cm. |
||
| 336 |
_2rdacontent _aTekst _btxt |
||
| 337 |
_2rdamedia _aBez urządzenia pośredniczącego _bn |
||
| 338 |
_2rdacarrier _aWolumin _bnc |
||
| 380 | _aKsiążki | ||
| 380 | _aPublikacje dydaktyczne | ||
| 385 |
_mPoziom nauczania _aSzkoły wyższe |
||
| 388 | _a2001- | ||
| 504 | _aBibliogr. s. 148. | ||
| 650 | 4 | _aKanalizacja | |
| 650 | 4 | _aWodociąg | |
| 650 | 4 | _aUrządzenia | |
| 650 | 4 | _aBudownictwo mieszkaniowe | |
| 655 | 4 | _aPodręczniki akademickie | |
| 658 | _aArchitektura i budownictwo | ||
| 658 | _aInżynieria i technika | ||
| 700 | 1 |
_aSosnowski, Stanisław _eAutor |
|
| 710 | 2 |
_aOficyna Wydawnicza Politechniki Warszawskiej _4pbl. |
|
| 856 | 4 | 1 |
_uhttp://koha.tu.koszalin.pl/cgi-bin/koha/opac-detail.pl?biblionumber=40729 _yKatalog online BPK |
| 942 |
_2UKD _cKS |
||
| 999 |
_c40729 _d40729 |
||